Central Library OPAC University of Rajshahi

The sociology of colonies : (Record no. 33402)

MARC details
000 -LEADER
fixed length control field 01241nam a22003371 4500
001 - CONTROL NUMBER
control field 33402
003 - CONTROL NUMBER IDENTIFIER
rucl marc code BD-RjUL
005 - DATE AND TIME OF LATEST TRANSACTION
control field 20211209052012.0
008 - FIXED-LENGTH DATA ELEMENTS--GENERAL INFORMATION
fixed length control field 140507s1949 enk 000 0 eng d
035 ## - SYSTEM CONTROL NUMBER
System control number (BD-RjUL)33493
System control number (OCoLC)2379265
040 ## - CATALOGING SOURCE
Original cataloging agency DLC
Transcribing agency OYU
Modifying agency OCoLC
-- DLC
-- BD-RjUL
Language of cataloging eng
041 ## - LANGUAGE CODE
Language code of text/sound track or separate title eng
082 00 - DEWEY DECIMAL CLASSIFICATION NUMBER
Classification number 325.3
Author mark and year MAS V-1 1949
100 1# - MAIN ENTRY--PERSONAL NAME
Personal name Maunier, René,
Dates associated with a name 1887-
9 (RLIN) 101386
245 14 - TITLE STATEMENT
Title The sociology of colonies :
Statement of responsibility, etc. Edited and translated by E. O. Lorimer.
Remainder of title An Introduction to the Study of Rage Contact /
Number of part/section of a work Volume 1
260 ## - PUBLICATION, DISTRIBUTION, ETC. (IMPRINT)
Place of publication, distribution, etc. London :
Name of publisher, distributor, etc. Routledge & K. Paul ,
Date of publication, distribution, etc. 1949.
300 ## - PHYSICAL DESCRIPTION
Pagination xii, 418 p. ;
Size 23 cm.
490 1# - SERIES STATEMENT
Series statement International library of sociology and social reconstruction
504 ## - BIBLIOGRAPHY, ETC. NOTE
Bibliography, etc Includes bibliographies.
505 0# - FORMATTED CONTENTS NOTE
Formatted contents note v. 1. An introduction to the study of race contact. Psychology of expansion.--v. 2. The progress of law.
650 #0 - SUBJECT ADDED ENTRY--TOPICAL TERM
Topical term or geographic name as entry element Colonization.
9 (RLIN) 101387
Topical term or geographic name as entry element Race relations.
9 (RLIN) 101388
Topical term or geographic name as entry element Indigenous peoples.
9 (RLIN) 101389
Topical term or geographic name as entry element Imperialism.
9 (RLIN) 101390
700 1# - ADDED ENTRY--PERSONAL NAME
Personal name Lorimer E. O.
830 #0 - SERIES ADDED ENTRY--UNIFORM TITLE
Uniform title International library of sociology and social reconstruction (London)
942 ## - ADDED ENTRY ELEMENTS (KOHA)
Source of classification or shelving scheme Dewey Decimal Classification
Koha item type Books
Holdings
Lost status Source of classification or shelving scheme Damaged status Not for loan Collection code Permanent Location Current Location Shelving location Date acquired Source of acquisition Cost, normal purchase price Total Checkouts Full call number Date last seen Copy number Koha item type
  Dewey Decimal Classification     Non-fiction Central Library, University of Rajshahi Central Library, University of Rajshahi   24/06/1965 Euro Pak 28.44   325.3 MAS V-1 1949 07/05/2014 C-2 Books
  Dewey Decimal Classification   Not For Loan Non-fiction Central Library, University of Rajshahi Central Library, University of Rajshahi Reading Room 07/06/1955 Allies books 35.70   325.3 MAS V-1 1949 07/05/2014 C-1 Books
  Dewey Decimal Classification     Non-fiction Central Library, University of Rajshahi Central Library, University of Rajshahi   20/03/1965 Euro-Pak 60.90   325.3 MAS V-1 1949 08/05/2014 C-3 Books